| 000 | 00509nam a22001577a 4500 | ||
|---|---|---|---|
| 005 | 20120519121048.0 | ||
| 020 | _c00 | ||
| 035 | _aA-937391 | ||
| 037 |
_aDPL _bENG |
||
| 100 |
_aJha, S.M. _947449 |
||
| 245 |
_aHotel Marketing / _cby S.M. Jha |
||
| 260 |
_aMumbai _bHimalaya Publishing House _c1998 |
||
| 300 |
_a328p. _c18 cms. |
||
| 942 |
_2ddc _cEN _h338.4764794 _mJHA |
||
| 999 |
_c66900 _d66900 |
||